00987nam a22001817a 450000500170000000800410001702000180005805000150007610000310009124500680012226000530019030000390024350000510028250503260033394200120065999900160067195201180068720220218152602.0220218b ||||| |||| 00| 0 eng d a9781786722485 aDS98.6.D35 9Dam, Nikolaos van, d2017. aDestroying a nation : the civil war in SyriacNikolaos Van Dam. aLondon ; bI.B. Tauris & Co. Ltd Creation c2017 a xiii, 242 pages :b map ; c20 cm aIncludes bibliographical references and index. aContents:Introduction -- A synopsis of Ba'thist history before the Syrian Revolution (2011) -- Could the war in Syria have been avoided? -- Confrontation between the military of the regime and the opposition -- The ambivalent Western approach to the Syria conflict -- Intra-Syrian talks but no negotiations -- Conclusions 2lcccBK c8730d16230 00102lcc4070aWIUC-1bWIUC-1cREFd2022-02-18l0oDS98.6.D35p9075/525/22r2022-02-18 00:00:00w2022-02-18yBK